Statistics for Top 500 Baby Girl Names in the USA - 1980's - Alphabetical

Click here to take the quiz!

General Stats

  • This quiz has been taken 8,496 times
  • The average score is 261 of 500

Answer Stats

Answer% Correct
180AAnn
96%
130AAnne
96%
164AAna
93%
53AAnna
93%
63CCatherine
90%
344EElisa
90%
32KKatherine
90%
338KKatharine
90%
50KKathryn
90%
402JJenifer
89%
42KKristin
89%
38KKristen
89%
471CChristen
89%
426CChristian
89%
414CChristin
89%
34MMary
89%
2JJennifer
89%
1JJessica
87%
193OOlivia
87%
30SSara
87%
23LLaura
87%
334JJane
87%
322EElisabeth
86%
346LLynn
86%
9EElizabeth
86%
233AAbby
86%
16AAmy
86%
203AAimee
86%
374AAmie
86%
41MMaria
85%
88JJulia
84%
24EEmily
84%
15RRachel
84%
117RRachael
84%
280CCarol
84%
270EEmma
84%
51JJulie
84%
49AAllison
83%
343AAllyson
83%
3AAmanda
83%
396AAlyson
83%
107AAlison
83%
192BBeth
82%
150AAbigail
82%
91HHannah
82%
17LLauren
82%
319AAlice
80%
251RRose
80%
167AAngel
80%
56VVictoria
80%
62KKristina
79%
19CChristina
79%
162CCarolyn
79%
465AAlexa
79%
460IIsabel
79%
172CCristina
79%
155CCaroline
79%
73DDiana
79%
294CCharlotte
79%
492DDianna
79%
160DDeanna
79%
486AAshlie
78%
4AAshley
78%
269AAshleigh
78%
177AAshlee
78%
254AAmelia
78%
95MMargaret
77%
61PPatricia
77%
43KKatie
77%
22RRebecca
77%
378KKaty
77%
161RRebekah
77%
7MMelissa
76%
31LLisa
76%
226GGrace
76%
279KKelley
75%
29KKelly
75%
211SSuzanne
75%
85AAlexandra
75%
95SSusan
75%
25DDanielle
75%
412AAlejandra
75%
8NNicole
75%
106NNichole
75%
243KKellie
75%
144KKelli
75%
82LLeah
74%
54NNatalie
74%
26SSamantha
74%
216KKate
73%
324HHelen
73%
163MMarie
73%
133LLinda
73%
242DDiane
72%
307AAnnie
72%
18KKimberly
72%
182SStefanie
72%
360EElena
72%
6S Stephanie
72%
310EEva
72%
27AAngela
72%
165MMichele
72%
12MMichelle
72%
478JJoann
71%
438JJean
71%
423JJoanne
71%
199JJanet
71%
45AAlicia
70%
153BBarbara
70%
80KKaren
70%
224EEvelyn
70%
261FFrances
70%
262CClaire
69%
98BBethany
69%
483LLucy
69%
92BBrittney
69%
20BBrittany
69%
459BBrittani
69%
282BBritney
69%
108MMolly
69%
288DDebra
68%
28EErin
68%
156KKari
68%
175DDeborah
68%
78CCarrie
68%
179MMeagan
67%
391MMeaghan
67%
14MMegan
67%
33AAndrea
67%
76MMeghan
67%
264EEllen
67%
453HHollie
66%
112AAlexis
66%
94SSandra
66%
59HHolly
66%
13AAmber
66%
90CCaitlin
65%
383JJennie
65%
480CCaitlyn
65%
173BBrianna
65%
217DDonna
65%
227KKaitlin
65%
233KKaitlyn
65%
237BBriana
65%
329BBreanna
65%
212HHaley
65%
194KKatelyn
65%
414HHayley
65%
152JJenny
65%
396JJasmin
64%
87JJasmine
64%
89AAlyssa
64%
451AAlisa
64%
314AAlissa
64%
400NNora
64%
228RRuth
63%
116NNancy
63%
122JJill
63%
114BBrenda
63%
48CChristine
63%
248SSophia
63%
83MMelanie
63%
200KKristine
63%
191AAudrey
63%
168SSharon
62%
355FFaith
62%
201JJacquelyn
62%
68VVeronica
62%
57JJacqueline
62%
137JJoanna
62%
81JJenna
62%
209RRosa
62%
141JJaclyn
62%
360JJade
62%
105KKara
61%
404LLillian
61%
149CChristy
61%
5SSarah
61%
129KKristy
61%
118PPamela
61%
158KKristi
61%
307KKristie
61%
251CChristie
61%
46VVanessa
61%
207CCara
61%
124TTeresa
61%
134TTheresa
61%
496DDaniela
60%
247JJessie
60%
434BBetty
60%
298AAngelina
60%
10HHeather
59%
241PPaula
59%
36EErica
59%
74EErika
59%
378EEricka
59%
136WWendy
58%
440JJosephine
58%
109TTina
58%
403MMia
58%
60CCassandra
58%
213NNina
58%
249DDaisy
58%
293EEsther
58%
37CCourtney
58%
238GGabrielle
58%
301GGabriela
58%
366CCortney
58%
393CChrystal
57%
483TTracie
57%
102TTracy
57%
79KKrystal
57%
355HHope
57%
498KKristal
57%
219KKarla
57%
382MMadeline
57%
40AApril
57%
21CCrystal
57%
316TTracey
57%
362KKathy
57%
272TTraci
57%
185CCarla
57%
253KKrystle
57%
239JJoy
56%
151AAngelica
56%
72SStacy
56%
55KKayla
56%
93SStacey
56%
349SStaci
56%
378RRuby
56%
303SStacie
56%
197TTaylor
55%
71KKathleen
55%
58MMonica
55%
383JJackie
54%
496JJuliana
54%
421KKylie
54%
84VValerie
54%
35JJamie
54%
188JJaime
54%
374JJami
54%
113JJillian
54%
464JJayme
54%
64CCynthia
54%
316LLaurie
53%
471TTiffani
53%
246NNaomi
53%
140LLori
53%
11TTiffany
53%
328MMaggie
53%
214CCarly
53%
183TTammy
52%
77DDana
52%
445NNatalia
52%
198JJordan
52%
292CChelsey
52%
342AAubrey
52%
67CChelsea
52%
176CCassie
52%
372SSally
52%
181CCindy
52%
75NNatasha
51%
209MMartha
51%
286YYvonne
51%
86BBrooke
51%
444JJudy
51%
432AAriana
51%
354DDorothy
51%
97CCandice
50%
52TTara
50%
426IIris
50%
488VVivian
50%
231AAlexandria
50%
115CCandace
50%
218JJodi
50%
232LLydia
50%
447JJody
50%
228TToni
49%
420KKira
49%
138TTanya
49%
437TTania
49%
110DDenise
49%
488CCiara
49%
394JJudith
49%
438CCarolina
49%
148LLacey
48%
492FFrancesca
48%
121GGina
48%
453EElyse
48%
358AAlana
48%
468CCallie
48%
313LLacy
48%
320EElise
48%
318JJanice
48%
349IIrene
47%
405CConnie
47%
196CCheryl
47%
70LLeslie
47%
345LLesley
47%
104KKelsey
46%
178CCarmen
46%
425LLara
46%
39SShannon
46%
202MMandy
46%
47LLindsay
45%
222BBonnie
45%
336SSandy
45%
169BBridget
45%
441LLena
45%
44LLindsey
45%
411LLyndsey
45%
419BBecky
45%
498BBridgette
45%
142TTamara
45%
323YYvette
45%
254PPaige
45%
123KKendra
44%
426SSerena
44%
205AAutumn
44%
119MMorgan
44%
448BBelinda
44%
225AAdriana
44%
260KKasey
44%
99CCasey
44%
277JJocelyn
43%
423JJoyce
43%
330CCamille
43%
349EElaine
43%
111HHeidi
42%
422NNadia
42%
371DDestiny
42%
314TTia
42%
244GGloria
42%
387AAriel
42%
460LLeann
41%
126MMiranda
41%
389LLeanne
41%
189AAdrienne
41%
245MMelody
41%
139MMelinda
41%
286KKirsten
41%
100KKatrina
40%
488MMichaela
40%
369SShelley
40%
273SShelly
40%
125SSabrina
40%
367CClarissa
40%
337HHilary
40%
485TTeri
40%
223SSummer
40%
325TTerri
40%
265HHillary
40%
302LLeigh
39%
146MMarissa
39%
271MMarisa
39%
268JJeanette
39%
207BBianca
39%
346CCecilia
39%
145DDawn
38%
296SSavannah
38%
277SSylvia
38%
127KKrista
37%
146CColleen
37%
289CChrista
37%
221YYolanda
37%
332AAnnette
37%
204CClaudia
37%
240SSheila
37%
154TTabitha
37%
295AAnita
37%
385EEileen
37%
339TTabatha
37%
488JJulianne
37%
358MMarilyn
37%
367RRita
37%
470LLaurel
36%
235JJanelle
36%
235RRobyn
36%
131RRobin
36%
378TTessa
36%
473BBillie
36%
66WWhitney
36%
300SSherry
36%
273CCharlene
36%
291SSonya
36%
305KKerry
36%
309KKerri
36%
284KKeri
36%
257SSonia
36%
407CConstance
36%
455SSheri
36%
448SSherri
36%
303RRhonda
35%
65BBrandy
35%
406BBeverly
35%
362BBrandie
35%
69BBrandi
35%
455AAnastasia
35%
280JJustine
35%
262NNikki
35%
306KKarina
34%
186VVirginia
34%
435RRosemary
34%
466DDarlene
34%
352JJana
34%
334MMaureen
34%
443CCorrine
34%
284CCharity
33%
396SShirley
33%
265SSasha
33%
128FFelicia
32%
206TTrisha
32%
298BBrianne
32%
321MMiriam
32%
327TTricia
32%
297SSierra
31%
341RRochelle
31%
215MMindy
31%
486SSydney
31%
387AAngie
31%
283RRachelle
31%
290SShauna
30%
219SShawna
30%
467NNoelle
30%
441MMichael
30%
166TTonya
30%
120RRenee
30%
310SShelby
30%
156MMeredith
29%
432MMarlene
29%
362BBobbie
29%
460EElisha
29%
492BBobbi
29%
143AAlisha
29%
190MMallory
28%
377NNorma
28%
448CCeleste
28%
410JJolene
28%
132MMonique
27%
480LLarissa
27%
353CChasity
27%
417GGenevieve
26%
394AAlma
26%
259JJohanna
26%
187RRegina
26%
174PPriscilla
26%
414GGretchen
25%
159EEbony
25%
276RRoxanne
25%
170TTasha
24%
103MMisty
24%
455EEsmeralda
24%
134DDesiree
24%
385RRyan
24%
326LLatisha
23%
331LLeticia
23%
250RRaquel
23%
468CChantel
22%
273SShana
22%
431TTatiana
21%
476LLiliana
21%
310CCarissa
20%
446AAudra
20%
346AAntoinette
20%
451BBlair
20%
476BBrenna
19%
101LLatoya
18%
426DDevon
18%
184DDominique
18%
370JJuanita
18%
480GGinger
18%
258RRandi
17%
407PPatrice
16%
413TTiara
15%
435BBlanca
15%
426SShayla
15%
171SSheena
15%
391MMarisol
14%
355LLorena
14%
340KKeisha
14%
492MMercedes
14%
478TTameka
12%
333TTamika
12%
365MMaribel
12%
267YYesenia
12%
409TTaryn
12%
473CChandra
11%
390GGuadalupe
11%
473MMargarita
11%
417LLatonya
10%
254SShanna
10%
500LLakisha
10%
399LLakeisha
10%
460TTerra
10%
455TTrista
9%
195LLatasha
9%
374TTanisha
9%
230MMayra
8%
400LLuz
7%
373MMarquita
5%

Score Distribution

Percentile by Number Answered

Percent of People with Each Score

Your Score History

You have not taken this quiz